Coppa Italia Winners - Statistics

General Stats
  • This quiz has been taken 37 times
  • The average score is 13 of 16
Answer Stats
Winners Runners-
up
Last Year Team % Correct
9 6 2023 Internazionale
100%
15 7 2024 Juventus
100%
7 3 2019 Lazio
100%
9 8 2008 Roma
100%
5 10 2003 Milan
97%
6 4 2020 Napoli
97%
6 5 2001 Fiorentina
94%
1 1 1937 Genoa
88%
4 3 1995 Sampdoria
88%
3 0 2025 Bologna
84%
5 8 1993 Torino
84%
3 2 2002 Parma
81%
1 5 1963 Atalanta
75%
1 1 1941 Venezia
53%
1 0 1997 Vicenza
41%
1 0 1922 Vado
22%
No matching quizzes found
Score Distribution
Percent of People with Each Score
Percentile by Number Answered
Your Score History
You have not taken this quiz